|
|
|
|
| LEADER |
00000cab a2200000 a 4500 |
| 001 |
vtls010322110 |
| 003 |
SK-MaSNL |
| 005 |
20260303094046.0 |
| 008 |
111103c1984 xo |||| 000 ||slo |
| 015 |
|
|
|a SNBRA1984
|
| 038 |
|
|
|a LMSMOPAJ
|
| 040 |
|
|
|a LMSMOPAJ
|b slo
|c LMSMOPAJ
|e AACR2
|
| 041 |
0 |
|
|a slo
|
| 044 |
|
|
|a xo
|c SK
|
| 080 |
|
|
|a 551.44(082)
|2 2001
|
| 100 |
1 |
|
|a Bárta, Juraj,
|d 1923-2005
|4 aut
|9 105675
|
| 245 |
1 |
0 |
|a Významné životné jubileum Univ. prof. PhDr. Vojtecha Budinského-Kričku, DrSc.
|c Juraj Bárta
|
| 300 |
|
|
|b Fotogr.
|
| 600 |
1 |
7 |
|a Budinský-Krička, Vojtech,
|d 1903-1993
|2 snkbucl
|9 256521
|
| 773 |
0 |
|
|t Slovenský kras 22
|d Martin : Osveta, 1984
|g S. 307-310
|
| 852 |
|
|
|a LMSMOPAJ
|
| 999 |
|
|
|c 1818665
|d 1820595
|